Leader xxxxxxxxxx
001 __ PCLIS00049368
005 __ 20220701114701.0
010 0_ |b盒裝|dNT$680
019 __ |a2733051015027|2EAN
100 __ |a20151109g20132016em y0chiy09 e
101 0_ |achi
102 __ |atw
126 __ |aagbzhxxa cd|bbex
127 __ |a005729|a005844|a005712|a005755|a005711|a005638|a003709
200 1_ |a紅樓夢青年版|b錄音資料|h(四)|f蔣勳主講
204 0_ |a錄音資料
210 __ |a臺北市|c財團法人趨勢教育基金會發行出版|c三民書局總經銷|d2015
215 0_ |a7張雷射唱片(約382分18秒)|c數位, 立體聲|d4 3/4吋|e1冊導讀書(51面)
225 2_ |a蔣勳系列有聲書
225 2_ |a文化聲勢
300 __ |a盛裝盒題名: 紅樓夢青年版(四) : 韶華竟白頭 :《紅樓夢》六十一至八十回的青春回憶
300 __ |a作者號由t038補0, 由t561刪除0
300 __ |a技術細節註: CD
301 __ |a2733051015027
322 __ |a監製: 楊豐雄 ; 錄音: 李雅婷 ; 後製: 張書銘
327 1_ |a上卷: Disc 01: 1, 廚事風波--2, 史湘雲醉臥--3, 群芳夜宴--Disc 02: 1, 藏嬌之計--2, 紅樓二尤--3, 與君兩無干涉--Disc 03: 1, 寶釵的精明--2, 苦尤娘與酸鳳姐--3, 借劍殺人--下卷: Disc 04: 1, 重建桃花社--2, 賈母八十大壽--3, 司棋事件--Disc 05: 1, 繡春囊--2, 抄檢大觀園--3, 夜半的嘆息聲--Disc 06: 1, 中秋夜品笛--2, 晴雯被逐--3, 芙蓉誄--Disc 07: 1, 迎春出嫁--2, 善妒的夏金桂
330 __ |a春末夏初,大觀園裡花開爛漫,歲月如此韶華盛極,美到彷彿使人惋嘆無奈,然而告別的時刻就要來了。少年的壽宴裡,他們行酒占花名,一占便占出了各自的本命,紅樓夢像是青春裡一場不願意醒來的夢,而青春則是身體上忘不掉的許多記憶,那一夜,他們卸去繁文縟節的世俗拘束,回到人性純粹之美,素面相見。生死交織的關頭,有寶玉與晴雯交換內襖,帶著彼此的體溫告別,也有剛烈的尤三姐自刎明志,在夢裡告訴懊悔不已的柳湘蓮,從此「與君兩無干涉」。紅樓夢寫青春決絕的死亡,寫生命如何被侮辱與踐踏,也寫ㄚ頭們大膽闖出獨立自主命運的決心,以及相濡以沫的赤誠。黛玉葬花預告了自己的輓歌,而祖宗祠堂一聲聲傳來的嘆息,更像是家族繁華將盡的讖語。世事因果都在,信與不信,在大觀園裡都可以靜看業緣流轉。
339 __ |a全套六部,館藏一∼四部
410 _0 |12001 |a蔣勳系列有聲書
410 _0 |12001 |a文化聲勢
500 11 |a紅樓夢|m中文
517 1_ |a蔣勳紅樓夢青年版|zchi
517 1_ |a紅樓夢青年版(四)|e韶華竟白頭|e《紅樓夢》六十一至八十回的青春回憶|zchi
517 1_ |a韶華竟白頭|zchi
517 1_ |a《紅樓夢》六十一至八十回的青春回憶|zchi
517 1_ |a紅樓夢六十一至八十回的青春回憶|zchi
681 __ |a857.49|b848
681 __ |a857.49|b8480 v.4
681 __ |a857.49|b8480|v增訂八版
700 _1 |a蔣|b勳|f1947- |4主講
801 _0 |atw|b內湖高中|c20151109|gCCR
801 _2 |atw|b內湖高中|c20220630|gCCR
|